Soạn thảo văn bản của các tổ chức Đảng, mặt trận, công đoàn, thanh niên, phụ nữ cấp cơ sở và trên cơ sở

Gespeichert in:
Bibliographische Detailangaben
1. Verfasser: Lê Văn In
Format: Buch
Sprache:Undetermined
Veröffentlicht: H. CTQG 2002
Schlagworte:
Tags: Tag hinzufügen
Keine Tags, Fügen Sie den ersten Tag hinzu!
Thư viện lưu trữ: Trung tâm Học liệu Trường Đại học Cần Thơ
LEADER 00609nam a2200193Ia 4500
001 CTU_59188
008 210402s9999 xx 000 0 und d
020 |b 46000 
082 |a 651.29 
082 |b I.311 
100 |a Lê Văn In 
245 0 |a Soạn thảo văn bản của các tổ chức Đảng, mặt trận, công đoàn, thanh niên, phụ nữ cấp cơ sở và trên cơ sở 
245 0 |c Lê Văn In 
260 |a H. 
260 |b CTQG 
260 |c 2002 
650 |a office practice 
904 |i Minh 
980 |a Trung tâm Học liệu Trường Đại học Cần Thơ